000 00548nam a22001457a 4500
005 20120420150325.0
020 _a8175101652
_c195.00
035 _aB-98339
037 _aDPL
_bENG
245 _aDictionary of spiritualism /
_cComp. and edited by Surendra P. Singh and Neelam Singh
260 _aNew Delhi
_bReliance Publishing House
_c2003
300 _a181p.
_c20 cms.
942 _2ddc
_cEN
_h230.303
_mDIC
999 _c65380
_d65380